000 00994nam a2200301 i 4500
001 bg
100 1 _aMUELLER, Scott
245 1 0 _aRozbudowa i naprawa laptopów /
_cScott Mueller ; [tł. Piotr Rajca, Leszek Mosingiewicz, Marek Pętlicki].
246 _iTyt. oryg.:
_aUpgrading and repairing laptops
260 _aGliwice :
_b"Helion",
_ccop. 2005.
300 _a1103 s. :
_bfot., rys. ;
_c25 cm.
500 _aTyt. oryg.: "Upgrading and repairing laptops", 2004.
504 _aIndeks.
650 9 _aNotebooki
_xbudowa i organizacja
650 9 _aNotebooki
_xremont
655 _aPodręczniki
700 1 _aPĘTLICKI, Marek.
_eTł.
700 1 _aMOSINGIEWICZ, Leszek.
_eTł.
700 1 _aRAJCA, Piotr.
_eTł.
020 _a8373615199
040 _cBPK
041 1 _apol
_heng
080 _a004.382.73(07)
920 _a83-7361-519-9
942 _cKS
008 s pl f |000 0 pol
999 _c45807
_d45807
856 _uhttp://koha.tu.koszalin.pl/cgi-bin/koha/opac-detail.pl?biblionumber=45807
_yKatalog online BPK